000 00613nam a22001817a 4500
005 20251108164254.0
008 250721s1991 xx 000 0 ara d
082 1 4 _a329.9565/نقر
100 1 _aنقرش، عبد الله
245 1 0 _aالتجربة الحزبية في الأردن /
264 1 _aعمان :
_bالمجمع الملكي لبحوث الحضارة الإسلامية،
_c1991.
300 _a112ص.
490 0 _aسلسلة البحوث و الدراسات المتخصصة ؛ 1
650 1 7 _aالأحزاب السياسية
650 1 7 _aالأردن
942 _2ddc
_cBK
999 _c8017
_d8017